| 000 | 00920nam a2200253 i 4500 | ||
|---|---|---|---|
| 001 | bg | ||
| 245 | 0 | 0 |
_aKodeks pracy i inne teksty prawne / _cteksty jednolite wraz z indeksem rzeczowym i wprowadzeniem Ludwika Florka. |
| 250 | _a10 wyd. rozsz., stan prawny listopad 2000 r. | ||
| 260 |
_aWarszawa : _bC. H. Beck, _c2001. |
||
| 300 |
_aXXVIII, 310 s. ; _c20 cm. |
||
| 490 | 1 | _aTeksty Ustaw Becka | |
| 500 | _aTyt. okł.: Kodeks pracy : zwolnienia grupowe, związki zawodowe, akta osobowe, urlopy wypoczynkowe, spory zbiorowe, urlopy i zasiłki wychowawcze i inne teksty prawne. | ||
| 504 | _aIndeks. | ||
| 650 | 9 |
_aPrawo pracy _zPolska _ystan na 2000 r. |
|
| 700 | 1 |
_aFLOREK, Ludwik. _ewprow |
|
| 830 | _aTeksty Ustaw Becka | ||
| 020 | _a8372470006 | ||
| 040 | _cBPK | ||
| 041 | 0 | _apl | |
| 080 | _a349.2(438)(094.4) | ||
| 920 | _a83-7247-000-6 | ||
| 942 | _cKS | ||
| 008 | s pl f |000 0 pol | ||
| 999 |
_c38906 _d38906 |
||
| 856 |
_uhttp://koha.tu.koszalin.pl/cgi-bin/koha/opac-detail.pl?biblionumber=38906 _yKatalog online BPK |
||